English grammar (Record no. 7606)

MARC details
000 -LEADER
fixed length control field 00502cam a2200217ua 4500
001 - CONTROL NUMBER
control field 8511
005 - DATE AND TIME OF LATEST TRANSACTION
control field 20260515114337.0
008 - FIXED-LENGTH DATA ELEMENTS--GENERAL INFORMATION
fixed length control field 150205n xxk |||gr||||Z||||||eng
020 ## - INTERNATIONAL STANDARD BOOK NUMBER
International Standard Book Number 000370257X
040 ## - CATALOGING SOURCE
Transcribing agency MAIN
041 ## - LANGUAGE CODE
Language code of text/sound track or separate title eng
082 ## - DEWEY DECIMAL CLASSIFICATION NUMBER
Classification number 415
100 ## - MAIN ENTRY--PERSONAL NAME
Personal name Bullon. S.,
Relator term Editor.
245 ## - TITLE STATEMENT
Title English grammar
Statement of responsibility, etc. Edited by Stephen Bullon
250 ## - EDITION STATEMENT
Edition statement 1st.
260 ## - PUBLICATION, DISTRIBUTION, ETC.
Place of publication, distribution, etc. London:
Name of publisher, distributor, etc. Harpercollins,
Date of publication, distribution, etc. 2000.
300 ## - PHYSICAL DESCRIPTION
Extent xxx,485p.
653 ## - INDEX TERM--UNCONTROLLED
Uncontrolled term Grammar
653 ## - INDEX TERM--UNCONTROLLED
Uncontrolled term English grammar
942 ## - ADDED ENTRY ELEMENTS (KOHA)
Koha item type Books
Holdings
Withdrawn status Lost status Damaged status Not for loan Home library Current library Shelving location Date acquired Total checkouts Full call number Barcode Date last seen Copy number Price effective from Koha item type
        Naharkatiya College Library Naharkatiya College Library General stacks 09/19/2020   415 | ENG 5333 09/19/2020 7 09/19/2020 Books
        Naharkatiya College Library Naharkatiya College Library General stacks 09/19/2020   415 | ENG 5334 09/19/2020 9 09/19/2020 Books
        Naharkatiya College Library Naharkatiya College Library General stacks 09/19/2020   415 | ENG 5335 09/19/2020 6 09/19/2020 Books
        Naharkatiya College Library Naharkatiya College Library General stacks 09/19/2020   415 | ENG 5336 09/19/2020 2 09/19/2020 Books
        Naharkatiya College Library Naharkatiya College Library General stacks 09/19/2020   415 | ENG 5337 09/19/2020 4 09/19/2020 Books
        Naharkatiya College Library Naharkatiya College Library General stacks 09/19/2020   415 | ENG 5338 09/19/2020 8 09/19/2020 Books
        Naharkatiya College Library Naharkatiya College Library General stacks 09/19/2020   415 | ENG 5339 09/19/2020 10 09/19/2020 Books
        Naharkatiya College Library Naharkatiya College Library General stacks 09/19/2020   415 | ENG 5340 09/19/2020 1 09/19/2020 Books
        Naharkatiya College Library Naharkatiya College Library General stacks 09/19/2020   415 | ENG 5341 09/19/2020 5 09/19/2020 Books
        Naharkatiya College Library Naharkatiya College Library General stacks 09/19/2020   415 | ENG 5346 09/19/2020 3 09/19/2020 Books